[Event "TCh-SVK Extraliga 2010-11"]
[Site "Slovakia SVK"]
[Date "2011.02.19"]
[Round "5.7"]
[White "Srvatka,I"]
[Black "Lasanda,M"]
[Result "1-0"]
[WhiteElo "2205"]
[BlackElo "2137"]

1.d4 Nf6 2.c4 e6 3.g3 d5 4.Bg2 Be7 5.Nf3 O-O 6.O-O b6 7.Nc3 Bb7 8.cxd5 exd5
9.Bf4 Na6 10.Rc1 Qd7 11.Qc2 c5 12.Rfd1 Rfd8 13.dxc5 bxc5 14.Rd2 d4 15.Ne5 Qc8
16.Qb3 c4 17.Qxb7 Qxb7 18.Bxb7 dxc3 19.Rxd8+ Rxd8 20.Rxc3 Nc5 21.Bf3 Na4
22.Rc2 Nb6 23.Nxc4 Rc8 24.Ne3 Rxc2 25.Nxc2 h6 26.Bd2 Na4 27.b3 Nc5 28.Bc6 Nce4
29.Be1 h5 30.e3 h4 31.gxh4 Bd8 32.Kf1 Bc7 33.h3 Be5 34.Nd4 Nc5 35.Ke2  1-0

[Event "TCh-HUN 2010-11"]
[Site "Decs HUN"]
[Date "2011.02.20"]
[Round "6"]
[White "Markus,Rob"]
[Black "Roganovic,Milo"]
[Result "1/2-1/2"]
[WhiteElo "2624"]
[BlackElo "2497"]

1.d4 Nf6 2.c4 e6 3.g3 d5 4.Bg2 Be7 5.Nf3 O-O 6.O-O dxc4 7.Qc2 a6 8.a4 Bd7
9.Qxc4 Bc6 10.Bg5 Bd5 11.Qc2 Be4 12.Qd1 a5 13.Nc3 Bxf3 14.Bxf3 c6 15.e4 Na6
16.Be3 Nb4 17.Qe2 Re8 18.Rfd1 Bf8 19.Rac1 Qe7 20.Bg2 Rad8 21.f4 h6 22.Bf2 Qc7
23.Bf3 Qb6 24.Kg2 Qa6 25.Qe3 Rd7 26.Be2 Qa8 27.Qf3 Red8 28.f5 exf5 29.Qxf5 Re7
30.e5 Nfd5 31.Ne4 Re6 32.Bg4 Qa6 33.Qf3 Ree8 34.Bg1 Be7 35.e6 fxe6 36.Bxe6+ Kh8
37.Qg4 Nf6 38.Nxf6 Bxf6 39.Rf1 Qd3 40.Kh3 Qd2 41.Bf7 Re7 42.Bg6 Nd5 43.Bb1 Qg5
44.Qxg5 Bxg5 45.Rce1 Kg8 46.Bf2 Rf8 47.Kg2 Ref7 48.Ba2 Kh7 49.Bc4 h5 50.Bd3+ Kh8
51.Re5 Bh6 52.Bg1 Rxf1 53.Bxf1 h4 54.gxh4 Nf4+ 55.Kg3 Nh5+ 56.Rxh5 Rxf1 57.Be3 Rb1
58.Bxh6 gxh6 59.Rxh6+ Kg7 60.Rd6 Rxb2 61.Kg4 Rxh2 62.d5 cxd5 63.Rxd5 b6 64.Kg5 Rg2+
65.Kf5 Rb2 66.Ke4 Rh2 67.Rg5+ Kh6 68.Rg4 Kh5 69.Rf4  1/2-1/2

[Event "ch-FRA Blitz 2011"]
[Site "Nice FRA"]
[Date "2011.02.20"]
[Round "3"]
[White "Bacrot,E"]
[Black "Libiszewski,F"]
[Result "1-0"]
[WhiteElo "2723"]
[BlackElo "2496"]

1.d4 Nf6 2.Nf3 d5 3.c4 e6 4.g3 Be7 5.Bg2 O-O 6.O-O dxc4 7.Qc2 a6 8.Qxc4 b5
9.Qc2 Bb7 10.Bf4 Nc6 11.Rd1 Rc8 12.a3 Nb8 13.Nc3 Nbd7 14.b4 Nb6 15.e4 Nfd7
16.Ne1 Nc4 17.Nd3 Qe8 18.h4 Ba8 19.a4 Ndb6 20.Nc5 bxa4 21.N3xa4 e5 22.dxe5 Nxa4
23.Nxa4 Nb6 24.Nc5 Qb5 25.e6 Qxb4 26.Nxa6 Qc4 27.Qxc4 Nxc4 28.exf7+ Rxf7
29.Bh3  1-0

[Event "ch-ROU Men"]
[Site "Sarata Monteoru ROU"]
[Date "2011.02.20"]
[Round "11.4"]
[White "Szabo,G ROM"]
[Black "Baratosi,D"]
[Result "0-1"]
[WhiteElo "2542"]
[BlackElo "2372"]

1.d4 Nf6 2.c4 e6 3.g3 d5 4.Nf3 Be7 5.Bg2 O-O 6.O-O dxc4 7.Qc2 a6 8.Qxc4 b5
9.Qc2 Bb7 10.Bd2 Bd6 11.Ng5 Bxg2 12.Kxg2 Nbd7 13.e4 e5 14.dxe5 Nxe5 15.f4 Nc4
16.e5 h6 17.exf6 hxg5 18.fxg7 Re8 19.Nc3 Bc5 20.Rad1 g4 21.Bc1 Qf6 22.h4 Qc6+
23.Kh2 Rad8 24.Rxd8 Rxd8 25.Qf5 Nd2  0-1

[Event "4th Karkonosze Open A"]
[Site "Karpacz POL"]
[Date "2011.02.21"]
[Round "1"]
[White "Kolosowski,M"]
[Black "Dadello,Al"]
[Result "1-0"]
[WhiteElo "2375"]
[BlackElo "1731"]

1.d4 d5 2.c4 e6 3.Nf3 Nf6 4.g3 Be7 5.Bg2 O-O 6.O-O dxc4 7.Qc2 a6 8.Qxc4 b5
9.Qc2 Bb7 10.Bd2 Nbd7 11.Ba5 Rc8 12.a3 Nb6 13.Rd1 Be4 14.Qc1 Nc4 15.Bc3 Nd5
16.Be1 c5 17.Nc3 Nxc3 18.Bxc3 Qb6 19.Qf4 Bb7 20.Qg4 f5 21.Qxg7+ Kxg7 22.dxc5+ Bf6
23.cxb6 Bxc3 24.bxc3 Nxb6 25.Nd4 Rf7 26.Nxe6+ Kf6 27.Nd8 Bxg2 28.Nxf7 Kxf7
29.Kxg2 Rxc3 30.Rd6 Nc4 31.Rxa6 Rc2 32.Rb1 Rxe2 33.Rxb5 Re5 34.Rb7+ Re7 35.Raa7 Rxb7
36.Rxb7+ Ke6 37.a4 h5 38.Rb4 Kd5 39.a5 Kc5 40.Rxc4+  1-0

[Event "31st TCh-IND 2011"]
[Site "Kochi IND"]
[Date "2011.02.23"]
[Round "3"]
[White "Neelotpal,D"]
[Black "Matta,V"]
[Result "1/2-1/2"]
[WhiteElo "2477"]
[BlackElo "2306"]

1.d4 Nf6 2.c4 e6 3.g3 d5 4.Bg2 Be7 5.Nf3 O-O 6.O-O dxc4 7.Qc2 a6 8.Qxc4 b5
9.Qc2 Bb7 10.Bd2 Be4 11.Qb3 c5 12.dxc5 Nbd7 13.Nc3 Nxc5 14.Qd1 Bb7 15.a3 Nfe4
16.Nxe4 Nxe4 17.Be3 Qxd1 18.Rfxd1 Rfd8 19.Nd2 Nd6 20.Bc5 Bxg2 21.Kxg2 Rac8
22.Nb3 Kf8 23.a4 Nc4 24.Bxe7+ Kxe7 25.axb5 Rxd1 26.Rxd1 axb5  1/2-1/2

[Event "3rd Metro Chess FIDE Invitational"]
[Site "Los Angeles USA"]
[Date "2011.02.23"]
[Round "1"]
[White "Casella,M"]
[Black "Taylor,T"]
[Result "1-0"]
[WhiteElo "2249"]
[BlackElo "2314"]

1.d4 d5 2.c4 e6 3.Nf3 Nf6 4.g3 Be7 5.Bg2 O-O 6.O-O b6 7.cxd5 exd5 8.Nc3 Bb7
9.Bf4 Na6 10.Rc1 c5 11.Qc2 Rc8 12.Bh3 Ra8 13.Rfd1 Nb4 14.Qb1 c4 15.b3 Re8
16.Nb5 Bf8 17.Re1 Ne4 18.bxc4 dxc4 19.Rxc4 Nxf2 20.Kxf2 Bxf3 21.Rxb4 Be4
22.Qb2 Bxb4 23.Qxb4 Qd5 24.Nc7 Qh5 25.Nxe8 Qxh3 26.Nd6 Qxh2+ 27.Ke3 Bd5 28.Qb5 Qg2
29.Qd7 Be6 30.Qe7 h6 31.Rc1 Qd5 32.Rc2 f6 33.Rc7  1-0

[Event "4th Karkonosze Open A"]
[Site "Karpacz POL"]
[Date "2011.02.24"]
[Round "6"]
[White "Malinowski,D"]
[Black "Sabuk,P"]
[Result "0-1"]
[WhiteElo "1784"]
[BlackElo "2211"]

1.c4 e6 2.Nf3 d5 3.d4 Nf6 4.g3 Be7 5.Bg2 O-O 6.O-O dxc4 7.Ne5 Nc6 8.Bxc6 bxc6
9.Nxc6 Qe8 10.Nxe7+ Qxe7 11.Qa4 c5 12.Qxc4 cxd4 13.Qxd4 e5 14.Qh4 Rb8 15.b3 Qe6
16.Rd1 Bb7 17.Ba3 Rfd8 18.Nd2 Rd4 19.Qg5 h6 20.Qe3 Rbd8 21.Bb2 Qh3 22.f3 Ng4  0-1

[Event "Bunratty Masters"]
[Site "Bunratty IRL"]
[Date "2011.02.25"]
[Round "1"]
[White "Baburin,A"]
[Black "Fox,An"]
[Result "1-0"]
[WhiteElo "2539"]
[BlackElo "2115"]

1.d4 d5 2.c4 e6 3.Nf3 Nf6 4.g3 Be7 5.Bg2 O-O 6.Qc2 c5 7.dxc5 Qa5+ 8.Nbd2 Qxc5
9.O-O Nc6 10.a3 a5 11.b3 b5 12.Bb2 bxc4 13.bxc4 Ba6 14.Rac1 dxc4 15.Nxc4 Rac8
16.Qa4 Bb5 17.Qb3 a4 18.Qa2 Qa7 19.Rfd1 Rfd8 20.Rxd8+ Rxd8 21.e3 Qa6 22.Nfe5 Nxe5
23.Nxe5 Rc8 24.Qa1 Rxc1+ 25.Qxc1 Nd5 26.e4 Nf6 27.h3 h6 28.Qc7 Kf8 29.Bf1 Bxf1
30.Qb8+ Ne8 31.Nd7+ Kg8 32.Qxe8+ Kh7 33.Qxf7 e5 34.Bxe5  1-0

[Event "Lviv Talents FIDE open"]
[Site "Lviv UKR"]
[Date "2011.02.25"]
[Round "3.7"]
[White "Sychevskyy,Andriy"]
[Black "Badik,Y"]
[Result "1-0"]
[WhiteElo "1871"]
[BlackElo "1606"]

1.d4 d5 2.Nf3 e6 3.c4 Nf6 4.g3 Be7 5.Bg2 c6 6.Nbd2 Nbd7 7.O-O O-O 8.Qc2 Re8
9.b3 b6 10.Bb2 Bb7 11.e4 Nf8 12.e5 N6d7 13.Rfe1 f6 14.Bf1 c5 15.exf6 Nxf6
16.cxd5 exd5 17.Bb5 N8d7 18.Ng5 a6 19.Bd3 Nf8 20.Ndf3 h6 21.Ne6 Nxe6 22.Rxe6 Bd6
23.Rxe8+ Qxe8 24.dxc5 Bxc5 25.Bxf6 gxf6 26.Bh7+ Kh8 27.Re1 Qh5 28.Nh4 Qf7
29.Bg6 Qc7 30.b4 Bd6 31.Qxc7 Bxc7 32.Re7  1-0

[Event "ch-Subotica Open 2011"]
[Site "Subotica SRB"]
[Date "2011.02.25"]
[Round "3"]
[White "Tancik,K"]
[Black "Vecseri,J"]
[Result "1-0"]
[WhiteElo "2282"]
[BlackElo "2042"]

1.d4 Nf6 2.c4 e6 3.g3 d5 4.Nf3 Be7 5.Bg2 O-O 6.O-O c5 7.cxd5 exd5 8.Nc3 h6
9.dxc5 Bxc5 10.Bf4 Nc6 11.Rc1 Be7 12.Ne5 Be6 13.Qa4 Qb6 14.Qb5 Qxb5 15.Nxb5 Nxe5
16.Bxe5 a6 17.Nc7 Rac8 18.Bxf6 Bxf6 19.Nxd5 Bxd5 20.Bxd5 Bxb2 21.Rxc8 Rxc8
22.Bxb7 Rc2 23.Bxa6 Ba3 24.Ra1 Bb2 25.Rb1 Kf8 26.Bd3 Rd2 27.a4 Ke7 28.a5 Kd8
29.a6 Kc7 30.Kf1  1-0

[Event "85th YMCA Masters"]
[Site "Warsaw POL"]
[Date "2011.02.25"]
[Round "8"]
[White "Bobula,M"]
[Black "Malec,S"]
[Result "1-0"]
[WhiteElo "2393"]
[BlackElo "2214"]

1.d4 Nf6 2.c4 e6 3.g3 d5 4.Nf3 Be7 5.Bg2 O-O 6.O-O c6 7.Qc2 a5 8.Nbd2 b5
9.c5 Nbd7 10.e4 dxe4 11.Nxe4 Nxe4 12.Qxe4 Nf6 13.Qc2 Nd5 14.h4 f6 15.Re1 Re8
16.Bd2 Bf8 17.Re2 Ra7 18.Rae1 Rae7 19.h5 b4 20.Bh3 Nc7 21.Bf4 Nb5 22.Qc4 Qd7
23.Bf5 Kh8 24.Bc2 Qd5 25.Qd3 Qxh5 26.Kg2 g5 27.Bxg5 fxg5 28.Rh1 Qf7 29.Nxg5 Qf6
30.Nxh7 Qf5 31.Qe3  1-0

[Event "Schachbundesliga 2010-11"]
[Site "Solingen GER"]
[Date "2011.02.26"]
[Round "10"]
[White "Swinkels,R"]
[Black "Agopov,M"]
[Result "1-0"]
[WhiteElo "2478"]
[BlackElo "2419"]

1.d4 Nf6 2.c4 e6 3.g3 d5 4.Nf3 Be7 5.Bg2 O-O 6.O-O dxc4 7.Qc2 a6 8.Qxc4 b5
9.Qc2 Bb7 10.Bd2 Be4 11.Qc1 Qc8 12.Bg5 Nbd7 13.Qf4 c5 14.Rc1 c4 15.b3 Bxb1
16.Raxb1 Nd5 17.Qg4 f5 18.Qh4 Ba3 19.bxc4 bxc4 20.Rc2 c3 21.Rb3 Bb2 22.Ne1 Rb8
23.Nd3 Rxb3 24.axb3 Qb8 25.Bxd5 exd5 26.b4 a5 27.Nxb2 axb4 28.Nd1 Rc8 29.Bf4 Qb7
30.Qe7 Nc5 31.Bd6 Qxe7 32.Bxe7 Na6 33.Bxb4 Nxb4 34.Rxc3 Rxc3 35.Nxc3 Kf7
36.e3 Ke6 37.h4 g6 38.Ne2 h6 39.Nf4+ Kf6 40.Kf1 g5 41.Ng2 Na6 42.Ne1 Nc7
43.Nd3 Ne8 44.f3 Ke6 45.Kf2 Nd6 46.h5 Ne8 47.g4 fxg4 48.fxg4 Nd6 49.Kf3 Nb5
50.Nf2 Nc3 51.Nh1 Ne4 52.Ng3 Nf6 53.Nh1 Ne4 54.Nf2 Nd6 55.Nd3 Ne8 56.Nc5+ Kf7
57.Nd7 Ke6 58.Ne5 Nd6 59.Kf2 Ne4+ 60.Ke2 Nf6 61.Kf3 Ne4 62.Nd3 Nd2+ 63.Ke2 Nc4
64.Nf2 Nd6 65.Kf3 Nc4 66.Nh1 Nd2+ 67.Kg2 Nc4 68.Kf2 Kf6 69.Ng3 Nd6 70.Ke2 Kf7
71.Kf2 Kf6 72.Ke1 Ke6 73.Kd2 Kf7 74.Ke2 Kf6 75.Kd3 Ke6 76.Kc3 Kf7 77.Kb4 Ne8
78.Nf5 Nf6 79.Nxh6+ Kg7 80.Nf5+ Kf7 81.Kc5 Nxg4 82.Kxd5 Nf6+ 83.Kc6 Nxh5
84.d5 Nf6 85.Ng3 Ng4 86.e4 Kf6 87.Kd6  1-0

[Event "9th TCh-IND w 2011"]
[Site "Kochi IND"]
[Date "2011.02.27"]
[Round "6"]
[White "Mahalakshmi,M"]
[Black "Sithalatchumi,A"]
[Result "1/2-1/2"]
[WhiteElo "1867"]
[BlackElo "1917"]

1.d4 d5 2.c4 e6 3.Nf3 Nf6 4.g3 Be7 5.Bg2 dxc4 6.O-O O-O 7.Qc2 Bd7 8.Qxc4 Bc6
9.Rd1 Nbd7 10.Qc2 Be4 11.Qb3 Bd5 12.Qc2 c5 13.Nc3 Bc6 14.e4 b6 15.d5 Bb7
16.d6 e5 17.dxe7 Qxe7 18.Nh4 g6 19.Bg5 Qe6 20.Nb5 Qc6 21.Nd6 Ba6 22.Qb3 Be2
23.Rd2 c4 24.Qe3 Bd3 25.Nhf5 gxf5 26.Bxf6 f4 27.gxf4 Nxf6 28.fxe5 Ne8 29.Qg5+ Kh8
30.Qh6 Nxd6 31.Qf6+ Kg8 32.exd6 Rae8 33.e5 Qd7 34.Bd5 Qg4+ 35.Kh1 Re6 36.f3 Rxf6
37.fxg4 Rf4 38.h3 Rd4 39.Bg2 f6 40.Re1 fxe5 41.Rxe5 Rxd6 42.Kh2 Rdf6 43.Kg3 h6
44.Bd5+ Kh8 45.Re7 a6 46.h4 Rf1 47.Bg2 R1f7 48.Re6 Rf6 49.Re7 R6f7 50.Re3 b5
51.g5 hxg5 52.hxg5 Kg7 53.Bh3 Kg6 54.Be6 Rf1 55.Bh3 Rg1+ 56.Bg2 Kxg5 57.Kh2 Rc1
58.Rg3+ Kh6 59.Rh3+ Kg7 60.Rg3+ Kh6 61.Rh3+ Kg7 62.Rg3+ Kh6 63.Rh3+  1/2-1/2

[Event "Lviv Talents FIDE open"]
[Site "Lviv UKR"]
[Date "2011.02.27"]
[Round "5.10"]
[White "Francuzov,A"]
[Black "Badik,Y"]
[Result "1/2-1/2"]
[WhiteElo "2034"]
[BlackElo "1606"]

1.c4 Nf6 2.Nf3 e6 3.g3 d5 4.d4 Be7 5.Bg2 c6 6.O-O O-O 7.Ne5 Nbd7 8.f4 c5
9.e3 Nb6 10.b3 Nfd7 11.cxd5 Nxe5 12.dxe5 Nxd5 13.Qg4 f6 14.Rd1 Qc7 15.e4 Nb4
16.a3 Nc2 17.Ra2 Nd4 18.exf6 Bxf6 19.e5 Be7 20.Rb2 Nf5 21.Qf3 Rb8 22.Rbd2 Qb6
23.Rb2 a5 24.Be3 Qb5 25.Nc3 Qe8 26.Ne4 b6 27.Bf2 Bb7 28.Qc3 Bd5 29.Rbd2 Qb5
30.Rd3 Rbd8 31.Nd6 Bxd6 32.Bxd5 exd5 33.exd6 d4 34.Qe1  1/2-1/2

[Event "26th MGU Open"]
[Site "Sofia BUL"]
[Date "2011.02.27"]
[Round "5.2"]
[White "Stoynov,S"]
[Black "Petrov,Vl5"]
[Result "1-0"]
[WhiteElo "2110"]
[BlackElo "1786"]

1.d4 Nf6 2.g3 e6 3.Bg2 d5 4.Nf3 Be7 5.c4 O-O 6.O-O dxc4 7.Ne5 c5 8.Be3 Nd5
9.Nxc4 Nc6 10.dxc5 Nxe3 11.Nxe3 Bxc5 12.Nc4 Qc7 13.e3 b5 14.Qh5 f5 15.Ncd2 Bb7
16.Nc3 a6 17.Rac1 Rad8 18.Nd5 Qd6 19.Nb3 Ba7 20.Nf4 g6 21.Nxg6 hxg6 22.Qxg6+ Kh8
23.Qh5+ Kg7 24.Qg5+ Kh7 25.Bf3 e5 26.Rfd1 Qf6 27.Qxf6 Rxd1+ 28.Rxd1 Rxf6
29.Rd7+ Kg6 30.Rxb7 e4 31.Be2 Rd6 32.Kg2 Rd8 33.h4  1-0

[Event "27th Open"]
[Site "Cappelle la Grande FRA"]
[Date "2011.02.28"]
[Round "3.64"]
[White "Solomon,K"]
[Black "Gentilleau,JP"]
[Result "1-0"]
[WhiteElo "2425"]
[BlackElo "2208"]

1.d4 d5 2.c4 e6 3.Nf3 Nf6 4.g3 Be7 5.Bg2 O-O 6.O-O dxc4 7.Qc2 a6 8.Qxc4 b5
9.Qc2 Bb7 10.Bd2 Be4 11.Qc1 Bb7 12.Rd1 Nbd7 13.Ba5 Bd6 14.Nbd2 Qb8 15.b4 e5
16.Nb3 exd4 17.Nbxd4 Ne5 18.Nf5 Nc4 19.Nxg7 Ne4 20.Nf5 Kh8 21.Nxd6 cxd6 22.Nd4 f5
23.f3 Nf6 24.Nxf5 Qa7+ 25.Kh1 Qf2 26.Qg5 Rf7 27.Nxd6 Nxd6 28.Rxd6  1-0

[Event "27th Open"]
[Site "Cappelle la Grande FRA"]
[Date "2011.02.28"]
[Round "4.4"]
[White "Kanep,M"]
[Black "Harikrishna,P"]
[Result "1/2-1/2"]
[WhiteElo "2531"]
[BlackElo "2667"]

1.d4 e6 2.c4 Nf6 3.g3 d5 4.Nf3 Be7 5.Bg2 O-O 6.O-O dxc4 7.Qc2 a6 8.Qxc4 b5
9.Qc2 Bb7 10.Bd2 Bd6 11.Rd1 Qe7 12.Bg5 Nbd7 13.Nbd2 c5 14.dxc5 Nxc5 15.Nd4 Bxg2
16.Kxg2 Qb7+ 17.Kg1 Ncd7 18.Bxf6 Nxf6 19.Qc6 Qxc6 20.Nxc6 Rfc8 21.Rac1 Rc7
22.Nb3 Bf8 23.Rd8 Rxd8 24.Nxd8 Rxc1+ 25.Nxc1 Nd5 26.Nd3 Nb4 27.Nxb4 Bxb4
28.Nc6 Bd6 29.f4 Kf8 30.Kf2 Ke8 31.Ke3 f6 32.Nd4 e5 33.fxe5 Bxe5 34.b3 Kd7
35.Ke4 Kd6 36.Nf3 Bb2 37.Ne1 g6 38.g4 Be5 39.h3 Bc3 40.Nd3 Ba5 41.Nf4 Bb6  1/2-1/2

[Event "TCh-SWE Elitserien 2010-11"]
[Site "Sweden SWE"]
[Date "2011.03.11"]
[Round "9"]
[White "Akbarinia,S"]
[Black "Ong,Kez"]
[Result "1-0"]
[WhiteElo "2306"]
[BlackElo "2242"]

1.d4 Nf6 2.Nf3 e6 3.g3 d5 4.c4 Be7 5.Bg2 O-O 6.Nbd2 c5 7.cxd5 Nxd5 8.O-O Nc6
9.dxc5 Bxc5 10.a3 a5 11.Qc2 Qe7 12.e4 Nf6 13.e5 Ng4 14.Ne4 Ba7 15.Neg5 f5
16.exf6 gxf6 17.Ne4 f5 18.Nc3 e5 19.Nd5 Qd6 20.Ne3 e4 21.Nh4 Nd4 22.Qd1 Ne5
23.Nc2 Nd3 24.Nxd4 Bxd4 25.Qe2 b6 26.Be3 Bxb2 27.Rab1 Qf6 28.Rfd1 Ba6 29.Rxd3 Bxd3
30.Qxb2 Bxb1 31.Qxb1 Rab8 32.Bh3 Qe6 33.Qb5 Rbe8 34.Nxf5 Qe5 35.Qc4+ Re6
36.Nh6+ Kg7 37.Bxe6 Kg6 38.Bf7+ Kg7  1-0

[Event "ch-PriFO A"]
[Site "Tolyatti RUS"]
[Date "2011.03.11"]
[Round "2.6"]
[White "Virovlansky,S"]
[Black "Vasiliev,Vladis"]
[Result "1-0"]
[WhiteElo "2449"]
[BlackElo "2206"]

1.d4 d5 2.c4 e6 3.Nf3 Nf6 4.g3 Be7 5.Bg2 O-O 6.O-O b6 7.Ne5 Bb7 8.Nc3 Nbd7
9.Bf4 Ne4 10.cxd5 Nxc3 11.bxc3 exd5 12.c4 Nf6 13.Qc2 Rc8 14.Rfd1 c5 15.Qa4 cxd4
16.Rxd4 Bc5 17.Rd2 Qe7 18.cxd5 g5 19.d6 Qe6 20.Bxb7 gxf4 21.Qxf4 Rb8 22.d7 Bd6
23.Rad1 Bc7 24.Bf3 Rbd8 25.Qg5+ Kh8 26.Nc6 Ng8 27.Bd5 Qd6 28.Be4 Qe6 29.Qf5 Qh6
30.Nxd8 Bxd8 31.Rd6 f6 32.Re6 Ne7 33.Qf4 Qg7 34.Rc1 Qf7 35.Qd6 f5 36.Bf3 Qg7
37.Rc8 Ng6 38.Rxd8  1-0

[Event "TCh-FIN 2010-11"]
[Site "Helsinki FIN"]
[Date "2011.03.12"]
[Round "8.1"]
[White "Veingold,A"]
[Black "Agopov,M"]
[Result "1/2-1/2"]
[WhiteElo "2474"]
[BlackElo "2419"]

1.d4 Nf6 2.c4 e6 3.Nf3 d5 4.g3 Be7 5.Bg2 O-O 6.O-O dxc4 7.Qc2 a6 8.a4 Bd7
9.Qxc4 Bc6 10.Bg5 h6 11.Bxf6 Bxf6 12.Nc3 Bxf3 13.Bxf3 c6 14.Rfd1 a5 15.b4 axb4
16.Qxb4 Ra7 17.Rab1 Nd7 18.Rb3  1/2-1/2

[Event "ch-FRA Blitz 2011"]
[Site "Nancy FRA"]
[Date "2011.03.12"]
[Round "7"]
[White "Berend,F"]
[Black "Kasimdzhanov,R"]
[Result "0-1"]
[WhiteElo "2362"]
[BlackElo "2687"]

1.d4 d5 2.c4 e6 3.Nf3 Nf6 4.g3 Be7 5.Bg2 O-O 6.O-O dxc4 7.Qc2 a6 8.Qxc4 b5
9.Qc2 Bb7 10.Bf4 Nc6 11.Rd1 Nb4 12.Qc1 Nbd5 13.Nc3 Rc8 14.Nxd5 Bxd5 15.Be3 Ng4
16.Ne5 Bxg2 17.Kxg2 Qd5+ 18.Nf3 Qe4 19.Rd3 f5 20.h3 Nf6 21.Kh2 Bd6 22.Qc2 Nd5
23.Bd2 Qxe2 24.Kg2 Nb4  0-1

[Event "TCh-SVK Extraliga 2010-11"]
[Site "Slovakia SVK"]
[Date "2011.03.12"]
[Round "7.4"]
[White "Priehoda,V"]
[Black "Malinovsky,K"]
[Result "1/2-1/2"]
[WhiteElo "2398"]
[BlackElo "2351"]

1.d4 Nf6 2.c4 e6 3.g3 d5 4.Nf3 Be7 5.Bg2 O-O 6.O-O dxc4 7.Na3 Bxa3 8.bxa3 Bd7
9.Ne5 Bc6 10.Nxc6 Nxc6 11.Bb2 Nd5 12.Rc1 Nb6 13.e4 Qd7 14.Qd2 Ne5 15.Ba1 Nd3
16.Rb1 Rab8 17.Qc3 a6 18.Rfd1 f5 19.d5 exd5 20.exd5 Rf7 21.a4 Qxa4 22.d6 Rd8
23.Rxd3 cxd3 24.dxc7 Rc8 25.Rxb6 Qd1+ 26.Bf1 Rcxc7 27.Qxd3 Qxd3 28.Bxd3 Rc1+
29.Kg2 Rxa1 30.Bc4 Kf8 31.Bxf7 Kxf7 32.Rxb7+ Kf8  1/2-1/2

[Event "TCh-SWE Elitserien 2010-11"]
[Site "Sweden SWE"]
[Date "2011.03.12"]
[Round "10"]
[White "Madebrink,L"]
[Black "Karlsson,T"]
[Result "1/2-1/2"]
[WhiteElo "2247"]
[BlackElo "2242"]

1.d4 e6 2.Nf3 d5 3.c4 Nf6 4.g3 Be7 5.Bg2 O-O 6.O-O dxc4 7.Qc2 a6 8.Qxc4 b5
9.Qc2 Bb7 10.Nbd2 Nbd7 11.a4 c5 12.axb5 axb5 13.Rxa8 Qxa8 14.dxc5 Nxc5 15.Ne1 Rc8
16.Bxb7 Qxb7 17.Nd3 Nce4 18.Qd1 h6 19.Nxe4 Nxe4 20.Be3  1/2-1/2

[Event "TCh-SWE Elitserien 2010-11"]
[Site "Sweden SWE"]
[Date "2011.03.12"]
[Round "10"]
[White "Blomqvist,E"]
[Black "Vernersson,P"]
[Result "1-0"]
[WhiteElo "2449"]
[BlackElo "2372"]

1.c4 e6 2.Nf3 Nf6 3.g3 d5 4.d4 Be7 5.Bg2 O-O 6.O-O dxc4 7.Qc2 a6 8.Qxc4 b5
9.Qc2 Bb7 10.Bd2 Be4 11.Qc1 Bb7 12.Bf4 Bd6 13.Nbd2 Nbd7 14.Rd1 Rc8 15.Nb3 Bd5
16.Ne5 Qe8 17.Nxd7 Nxd7 18.e4 Bxf4 19.Qxf4 Ba8 20.Rac1 e5 21.dxe5 Nxe5 22.Nc5 Qe7
23.b4 Bc6 24.Rc2 Ra8 25.Nb3 Be8 26.Rc5 f6 27.Qc1 c6 28.Nd4 a5 29.f4 Nc4 30.a3 axb4
31.axb4 Ra2 32.Bf3 Ra4 33.Qc3 Ra3 34.Qe1 Nb2 35.Rb1 Nd3 36.Qe3 Qa7 37.Nc2 Bf7
38.Nxa3 Qxa3 39.Rxc6 Bc4 40.Be2 Rd8 41.Rc7 Qa2 42.Rd1  1-0

[Event "ch-FRA Rapid 2011"]
[Site "Nancy FRA"]
[Date "2011.03.13"]
[Round "7"]
[White "Nass,E"]
[Black "Kasimdzhanov,R"]
[Result "0-1"]
[WhiteElo "2246"]
[BlackElo "2687"]

1.d4 d5 2.Nf3 Nf6 3.c4 e6 4.g3 Be7 5.Bg2 O-O 6.O-O dxc4 7.Qc2 a6 8.Qxc4 b5
9.Qc2 Bb7 10.Bg5 Nbd7 11.Bxf6 Nxf6 12.Nbd2 Rc8 13.Nb3 c5 14.dxc5 Ne4 15.Rfd1 Qc7
16.Nfd4 Nxc5 17.Nxc5 Bxc5 18.Qb3 Bxg2 19.Kxg2 Qb6 20.e3 Rc7 21.a4 b4 22.Rd2 Qb7+
23.Kg1 Rfc8 24.Qd1 Be7 25.Qf3 Qb6 26.Rad1 Qa5 27.b3 Bf6 28.Rd3 h6 29.Kg2 Qc5
30.h4 Qe7 31.Ne2 Be5 32.Qe4 Bf6 33.Qf3 Rc2 34.R1d2 Rxd2 35.Rxd2 Qc7 36.Qe4 a5
37.Nd4 Qd7 38.Nf3  0-1

[Event "ch-PriFO A"]
[Site "Tolyatti RUS"]
[Date "2011.03.15"]
[Round "6.7"]
[White "Ponfilenok,V"]
[Black "Mokshanov,A"]
[Result "1/2-1/2"]
[WhiteElo "2428"]
[BlackElo "2347"]

1.d4 d5 2.Nf3 Nf6 3.c4 e6 4.g3 Be7 5.Bg2 O-O 6.O-O c6 7.Qc2 Nbd7 8.Nbd2 b6
9.e4 Nxe4 10.Nxe4 dxe4 11.Qxe4 Bb7 12.Rd1 Qc8 13.Bf4 c5 14.d5 Bf6 15.Qc2 Re8
16.Ng5 Bxg5 17.Bxg5 exd5 18.cxd5 Ne5 19.Bf4 Ng6 20.Be3 Qd7 21.Rac1 Rac8 22.Be4 Qd6
23.Rd2 Qe5 24.Bg2 Rcd8 25.Rcd1 Qf6 26.Qa4 a5 27.Qb3 Ba8 28.d6 Bxg2 29.Kxg2 Ne5
30.Bf4 Ng6 31.Be3 Ne5 32.Bf4 Ng6 33.Be3 Ne5 34.Bf4 Ng6 35.Be3 Ne5 36.Bf4 Ng6  1/2-1/2

[Event "e2e4 Uxbridge Open"]
[Site "Denham ENG"]
[Date "2011.03.18"]
[Round "1"]
[White "Tserendorj,S"]
[Black "Kuznetsova,Sofia"]
[Result "1-0"]
[WhiteElo "1942"]
[BlackElo "2071"]

1.d4 d5 2.c4 e6 3.Nf3 Nf6 4.g3 Be7 5.Bg2 O-O 6.O-O c6 7.b3 Nbd7 8.Bb2 b6
9.Qc2 Bb7 10.Nbd2 Rc8 11.Rac1 c5 12.Qb1 dxc4 13.Nxc4 Be4 14.Qa1 b5 15.Ncd2 Bg6
16.Rfd1 Qb6 17.Ne5 Nxe5 18.dxe5 Nd5 19.Ne4 Rfd8 20.Nd6 Bxd6 21.exd6 f6 22.e4 Nb4
23.a3 Nc6 24.e5 Na5 25.Qa2 fxe5 26.Bxe5 c4 27.b4 Nb3 28.Rc3 Bh5 29.Re1 Nd4
30.Qd2 Rxd6 31.Bxd6 Qxd6 32.Qe3 Rd8 33.Be4 Bg4 34.Kg2 Nf5 35.Qg5 Qd2 36.Qxd2 Rxd2
37.h3 Re2 38.Rxe2 Bxe2 39.Bxf5 exf5 40.f3 Bd3 41.Kf2 Kf7 42.Ke3 Ke6 43.Kd4 Kd6
44.Rc1 Be2 45.Re1 Bxf3 46.Re5 a6 47.Rxf5 Bg2 48.Rf7 Bxh3 49.Rxg7 h5 50.Rg6+ Kc7
51.Rxa6 Kb7 52.Rh6 Bg4 53.Rf6 Be2 54.Rf2 Bd3 55.Rh2 Bg6 56.Re2 Bf7 57.Re7+  1-0

[Event "20th Amber Blindfold"]
[Site "Monaco MNC"]
[Date "2011.03.24"]
[Round "11"]
[White "Aronian,L"]
[Black "Karjakin,Sergey"]
[Result "1/2-1/2"]
[WhiteElo "2808"]
[BlackElo "2776"]

1.d4 Nf6 2.c4 e6 3.g3 d5 4.Bg2 Be7 5.Nf3 O-O 6.O-O dxc4 7.Qc2 a6 8.a4 Bd7
9.Qxc4 Bc6 10.Bg5 Bd5 11.Qc2 Be4 12.Qd1 c5 13.dxc5 Bxc5 14.Nbd2 Bc6 15.Ne5 Bxg2
16.Kxg2 Nbd7 17.Rc1 Nxe5 18.Rxc5 Ned7 19.Rc1 h6 20.Bf4 e5 21.Be3 Ng4 22.Qb3 Ndf6
23.Rfd1 Qd5+ 24.Qxd5 Nxe3+ 25.fxe3 Nxd5 26.Nc4 Rad8 27.Kf3 f6 28.Na5 e4+
29.Kf2 Rf7 30.Rd4 f5 31.Rcd1 Rfd7 32.Nxb7 Rxb7 33.Rxd5 Rxd5 34.Rxd5 g6 35.h3 Rxb2
36.Rd6 Kf7 37.g4 fxg4 38.hxg4 h5 39.Rxa6 Ra2 40.g5 h4 41.Rf6+ Kg7 42.Rf4 Rxa4
43.Rxh4 Ra5 44.Rg4 Kf7 45.Kg3 Ra2 46.Rxe4 Rxe2 47.Re5 Re1 48.e4 Rg1+ 49.Kf4 Rf1+
50.Ke3 Re1+ 51.Kd4 Rd1+ 52.Kc5 Rd2 53.Rd5 Re2 54.Kd4 Rg2 55.Ra5 Rg1 56.Ra7+ Ke6
57.Ra6+ Kf7 58.Ra5 Ke6 59.Re5+ Kd6 60.Rb5 Ke6 61.Rb6+ Kf7 62.Rf6+ Kg7 63.Kd5 Rxg5+
64.e5 Rf5 65.Ra6 g5 66.Kd6 Rf1 67.e6 Kf6 68.Kd7 Re1 69.Rd6 g4 70.Rd4 Rxe6
71.Rxg4  1/2-1/2

[Event "XXVIII Victor Ciocaltea Mem"]
[Site "Bucharest ROU"]
[Date "2011.03.27"]
[Round "3"]
[White "Szabo,G ROM"]
[Black "Baratosi,D"]
[Result "1-0"]
[WhiteElo "2534"]
[BlackElo "2390"]

1.Nf3 Nf6 2.g3 d5 3.Bg2 e6 4.d4 Be7 5.c4 O-O 6.O-O dxc4 7.Qc2 a6 8.a4 Bd7
9.Rd1 Bc6 10.Nc3 Bxf3 11.Bxf3 Nc6 12.Bxc6 bxc6 13.a5 Qb8 14.Ra4 Qb3 15.Qxb3 cxb3
16.Rc4 Rfb8 17.Bf4 Nd5 18.Rxc6 Nxf4 19.gxf4 Bb4 20.Ra1 Ra7 21.e3 Kf8 22.Ne2 Rb5
23.Nc1 Bxa5 24.Ra3 Bb6 25.Rxb3 Ke7 26.Rcc3 Kd6 27.Nd3 f6 28.Ra3 a5 29.Ra4 c5
30.dxc5+ Bxc5 31.Nxc5 Rxc5 32.Rd3+ Rd5 33.Rxd5+ Kxd5 34.b4 Kc4 35.bxa5+ Kb5
36.Re4 Ra6 37.Rd4 Ra7 38.Rd6 Re7 39.a6 Kc5 40.a7 Rxa7 41.Rxe6 Kd5 42.f5 Ra4
43.f3 Rh4 44.Kg2 Rh5 45.e4+ Kd4 46.f4 Ke3 47.Kg3 g5 48.fxg6 hxg6 49.e5  1-0

[Event "ch-CHN 2011"]
[Site "Xinghua Jiangsu CHN"]
[Date "2011.04.01"]
[Round "3"]
[White "Zhou Jianchao"]
[Black "Hou Yifan"]
[Result "1/2-1/2"]
[WhiteElo "2660"]
[BlackElo "2602"]

1.d4 e6 2.c4 Nf6 3.g3 d5 4.Bg2 Be7 5.Nf3 O-O 6.O-O dxc4 7.Ne5 Nc6 8.Bxc6 bxc6
9.Nxc6 Qe8 10.Nxe7+ Qxe7 11.Qa4 e5 12.dxe5 Qxe5 13.Qxc4 Be6 14.Qc2 Bf5 15.Qd2 Rfe8
16.Nc3 Ne4 17.Nxe4 Qxe4 18.Re1 Bg4 19.Qf4 Bxe2 20.Qxe4 Rxe4 21.Bf4 c6 22.Rac1 Bf3
23.Rxe4 Bxe4 24.Rc3 f6 25.f3 Bd5 26.Ra3 Bc4 27.Kf2 a5 28.Ra4 Bb5 29.Rd4 a4
30.g4 Re8 31.Be3 Re5 32.f4 Rd5 33.Rxd5 cxd5 34.b3 axb3 35.axb3 Kf7 36.Bc5 f5
37.g5 Ke6 38.Ke3 Kd7 39.Kd4 Kc6 40.h4 Be2 41.b4 g6 42.Ke5 Bh5 43.Kd4 Be2  1/2-1/2

[Event "Karposh Open"]
[Site "Skopje MKD"]
[Date "2011.04.04"]
[Round "4"]
[White "Vasovski,N"]
[Black "Mitkov,M"]
[Result "1-0"]
[WhiteElo "2308"]
[BlackElo "2401"]

1.d4 Nf6 2.Nf3 e6 3.c4 d5 4.g3 Be7 5.Bg2 O-O 6.O-O dxc4 7.Ne5 Nc6 8.Nxc6 bxc6
9.Bxc6 Rb8 10.Nc3 Bb7 11.Bxb7 Rxb7 12.e3 c5 13.Qf3 Rd7 14.dxc5 Bxc5 15.Qf4 Qa8
16.Qxc4 Rc8 17.Qe2 Ne4 18.Nxe4 Qxe4 19.Bd2 h5 20.Rfc1 h4 21.Be1 Rd3 22.b4 Rxe3
23.fxe3 Qxe3+ 24.Qxe3 Bxe3+ 25.Bf2 Rxc1+ 26.Rxc1 Bxc1 27.Bxa7 hxg3 28.hxg3 Kf8
29.Bd4 Ba3 30.b5 Ke7 31.Bxg7 Kd7 32.g4 Kc7 33.Bd4 Bc1 34.a4 f5 35.gxf5 exf5
36.a5 Bf4 37.a6 Bd6 38.Kg2 Bf4 39.Kf3 Bd6 40.Be3 Kc8 41.b6 Bc7 42.b7+  1-0